000
00177 a2200085 4500
245
_a
ARNOLD POETICAL WORKS
_h
Text
100
_a
C.B. TINKER
650
_a
literature
005
20191017173027.0
084
_a
NONE
999
_c
9699
_d
9699